Recomendaciones metodolg̤icas para la Comisin̤ de la Verdad

Detalles Bibliográficos
Autor principal: Chavez Chaves, Diego Balvino
Formato: eBook
Lenguaje:español
Materias:
Acceso en línea:Acceso restringido

MARC

LEADER 00000nam a22000007a 4500
005 20200305234016.0
007 cr|||| ||||
008 200305s2019 co |||||s|||| 00||0 spa d
020 |a 978-958-9348-79-6 
035 |a 31147 
040 |a vLex 
090 |c 10184  |d 10184 
100 1 |a Chavez Chaves, Diego Balvino 
245 1 0 |a Recomendaciones metodolg̤icas para la Comisin̤ de la Verdad  |h [Recurso electrn̤ico] /  |c Diego Balvino Chavez Chaves 
256 |a Servicio en ln̕ea 
300 |a 1 recurso electrn̤ico 
506 1 |a Disponible solo en los productos indicados  |d vLex Global  |d vLex Global (Academic Edition, excluding Law Schools)  |d vLex Global (U.S. Academic Edition, Law Schools)  |d vLex Global (U.S. Academic Edition, excluding Law Schools)  |d vLex Global (Academic Edition, Law Schools) 
650 0 4 |a Derecho Pb︢lico y Administrativo  |z Colombia 
740 0 |a vLex Libros (Servicio en ln̕ea) 
856 4 0 |u http://vlex.com/source/recomendaciones-metodologicas-comision-verdad-31147  |z Acceso restringido 
942 |c BOOK 
999 0 |a Public and Administrative Law